000 00837nam a2200193 a 4500
001 000026390
005 20200930030212.0
008 110316s2000 dr a r 000 0 spa d
040 _aDO-SdBNP
_bspa
_cBNPHU
082 _axxxxx
_bR426r
110 2 _aRepública Dominicana
_bSecretariado Técnico de la Presidencia
_932024
245 1 3 _aEl resultado exportador de la República Dominicana en la década de los noventa, (evaluación de la competitividad internacioanal) /
_cinvestigador Leyda Reyes.
260 _aSanto Domingo :
_bOficina Nacional de Planificación,
_c2000.
300 _a95 p. :
_bil. ;
_c28 cm.
490 1 _aLa economía dominicana en el 2000
_v3
500 _aIncluye referencias bibliográficas y notas al pie de las páginas
700 1 _aReyes, Leyda
_953423
830 0 _aLa economía dominicana en el 2000
_n3
_953424
999 _c25882
_d25882